| 000 | 00415cam a2200181ua 4500 | ||
|---|---|---|---|
| 001 | 8593 | ||
| 008 | 150206n xxk |||gr||||Z||||||eng | ||
| 040 | _cMAIN | ||
| 041 | _aeng | ||
| 082 | _a823N | ||
| 100 |
_aVerne, J., _eAuthor. |
||
| 245 | 1 |
_aAround the world in eighty days _cBy Jules Verne |
|
| 250 | _a1st. | ||
| 260 |
_aLondon: _bDean, _c1974. |
||
| 300 | _a182p. | ||
| 653 | _aEnglish fiction | ||
| 942 | _cBK | ||
| 999 |
_c7693 _d7693 |
||